000 00703nam a22001337a 4500
040 _cRUA
082 _aAGE KOR 2014 B515 Or.
100 _aKORNG SOVATHA; កង សុវត្ថា
245 _aEffectiveness of soil solarization by using clear plastic and black isolated mulch on lettuce production; ប្រសិទ្ធភាពនៃការគ្របដីដោយប្រើប្លាស្ទិចថ្លា និងអីុសូឡង់ខ្មៅទៅលើដំណាំសាលាដ
260 _aRUA
_bPhnom Penh
_c2014
300 _axi; 41p.
_bill.
_c29cm.
856 _uhttps://drive.google.com/file/d/17q9XfFf2IB95KbJlJNj22zH_tJbMBsI9/view?usp=sharing
942 _cAGE
999 _c9379
_d9379